<?xml version="1.0" encoding="UTF-8"?>
<record
    xmlns:xsi="http://www.w3.org/2001/XMLSchema-instance"
    xsi:schemaLocation="http://www.loc.gov/MARC21/slim http://www.loc.gov/standards/marcxml/schema/MARC21slim.xsd"
    xmlns="http://www.loc.gov/MARC21/slim">

  <leader>02674nam a22002777a 4500</leader>
  <controlfield tag="001">9403</controlfield>
  <controlfield tag="003">FISKH</controlfield>
  <controlfield tag="005">20260105122825.0</controlfield>
  <controlfield tag="008">260105b        cb ||||| |||| 00| 0 eng d</controlfield>
  <datafield tag="020" ind1=" " ind2=" ">
    <subfield code="a">9789995001766</subfield>
  </datafield>
  <datafield tag="040" ind1=" " ind2=" ">
    <subfield code="a">FISKH</subfield>
    <subfield code="b">khr</subfield>
    <subfield code="c">FISKH</subfield>
    <subfield code="d">FISKH</subfield>
  </datafield>
  <datafield tag="082" ind1=" " ind2=" ">
    <subfield code="a">398.2</subfield>
  </datafield>
  <datafield tag="100" ind1=" " ind2=" ">
    <subfield code="a">Sak Rolet , Chhim</subfield>
  </datafield>
  <datafield tag="245" ind1=" " ind2=" ">
    <subfield code="a">&#x1780;&#x17BB;&#x1798;&#x17B6;&#x179A;&#x1791;&#x17BB;&#x179A;&#x1782;&#x17CD;&#x178F; / </subfield>
    <subfield code="c">&#x17A2;&#x17D2;&#x1793;&#x1780;&#x1793;&#x17B7;&#x1796;&#x1793;&#x17D2;&#x1792; &#x1788;&#x17B9;&#x1798; &#x179F;&#x1780;&#x17D2;&#x178F;&#x17B7;&#x179A;&#x17C9;&#x17BC;&#x17A1;&#x17C2;&#x178F; , &#x17A2;&#x17D2;&#x1793;&#x1780;&#x179C;&#x17B6;&#x1799;&#x17A2;&#x178F;&#x17D2;&#x1790;&#x1794;&#x1791; &#x17A2;&#x17D2;&#x1793;&#x1780;&#x179F;&#x17D2;&#x179A;&#x17B8; &#x17A0;&#x17B6;&#x1780;&#x17CB;&#x200B; &#x1795;&#x17B6;&#x1793;&#x17D2;&#x1793;&#x17B8; </subfield>
  </datafield>
  <datafield tag="260" ind1=" " ind2=" ">
    <subfield code="a">&#x1797;&#x17D2;&#x1793;&#x17C6;&#x1796;&#x17C1;&#x1789; :</subfield>
    <subfield code="b">&#x1782;&#x17D2;&#x179A;&#x17B9;&#x17C7;&#x179F;&#x17D2;&#x1790;&#x17B6;&#x1793;&#x1794;&#x17C4;&#x17C7;&#x1796;&#x17BB;&#x1798;&#x17D2;&#x1796;&#x1793;&#x17B7;&#x1784;&#x1785;&#x17C2;&#x1780;&#x1795;&#x17D2;&#x179F;&#x17B6;&#x1799; , </subfield>
    <subfield code="c">2013 . </subfield>
  </datafield>
  <datafield tag="300" ind1=" " ind2=" ">
    <subfield code="a">8 pages : </subfield>
    <subfield code="b">color illustrations ; </subfield>
    <subfield code="c">17 x 17 cm . </subfield>
  </datafield>
  <datafield tag="490" ind1=" " ind2=" ">
    <subfield code="a">&#x179A;&#x17BF;&#x1784;&#x1793;&#x17B7;&#x1791;&#x17B6;&#x1793;&#x17A2;&#x1794;&#x17CB;&#x179A;&#x17C6;&#x179F;&#x1798;&#x17D2;&#x179A;&#x17B6;&#x1794;&#x17CB;&#x1780;&#x17BB;&#x1798;&#x17B6;&#x179A;</subfield>
  </datafield>
  <datafield tag="505" ind1=" " ind2=" ">
    <subfield code="a">P 
</subfield>
  </datafield>
  <datafield tag="520" ind1=" " ind2=" ">
    <subfield code="a">&#x1798;&#x17B6;&#x1793;&#x179F;&#x17D2;&#x179A;&#x17D2;&#x178F;&#x17B8;&#x1798;&#x17D2;&#x1793;&#x17B6;&#x1780;&#x17CB;&#x1798;&#x17B6;&#x1793;&#x179A;&#x1794;&#x179A;&#x1787;&#x17B6;&#x17A2;&#x17D2;&#x1793;&#x1780;&#x179F;&#x17BB;&#x17C6;&#x1791;&#x17B6;&#x1793;&#x1798;&#x17B6;&#x1793;&#x1780;&#x17BC;&#x1793;&#x17E3;&#x1793;&#x17B6;&#x1780;&#x17CB; &#x17D4;&#x200B;&#x200B; &#x179F;&#x17BD;&#x1793;&#x1787;&#x17B6;&#x1780;&#x17BC;&#x1793;&#x1794;&#x17D2;&#x179A;&#x17BB;&#x179F;&#x1785;&#x17D2;&#x1794;&#x1784;&#x1788;&#x1794;&#x17CB;&#x179A;&#x17C0;&#x1793;&#x178F;&#x17D2;&#x179A;&#x17B9;&#x1798;&#x1790;&#x17D2;&#x1793;&#x17B6;&#x1780;&#x17CB;&#x1791;&#x17B8;&#x200B;&#x17E5; &#x17D4;&#x200B; &#x1785;&#x17C6;&#x1793;&#x17C2;&#x1780;&#x179F;&#x17C6;&#x178E;&#x17B6;&#x1784;&#x1787;&#x17B6;&#x1780;&#x17BC;&#x1793;&#x17A2;&#x17D2;&#x1793;&#x1780;&#x1798;&#x17B6;&#x1793;&#x178F;&#x17D2;&#x179A;&#x17BC;&#x179C;&#x1787;&#x17B6;&#x1798;&#x17B7;&#x178F;&#x17D2;&#x178F;&#x1797;&#x1780;&#x17D2;&#x178F;&#x17B7;&#x179A;&#x1794;&#x179F;&#x17CB;&#x179F;&#x17BD;&#x1793; &#x1782;&#x17C1;&#x1794;&#x17B6;&#x1793;&#x179F;&#x17BB;&#x17C6;&#x17AA;&#x1796;&#x17BB;&#x1780;&#x1798;&#x17D2;&#x178F;&#x17B6;&#x1799;&#x179A;&#x1794;&#x179F;&#x17CB;&#x1782;&#x17C1;&#x17A2;&#x17C4;&#x1799;&#x1799;&#x1780;&#x179F;&#x17BD;&#x1793;&#x1798;&#x1780;&#x1793;&#x17C5;&#x1787;&#x17B6;&#x1798;&#x17BD;&#x1799;&#x178A;&#x17BE;&#x1798;&#x17D2;&#x1794;&#x17B8;&#x179A;&#x17C0;&#x1793;&#x1794;&#x1793;&#x17D2;&#x178F; &#x17D4; &#x17AA;&#x1796;&#x17BB;&#x1780;&#x1798;&#x17D2;&#x178F;&#x17B6;&#x1799;&#x179F;&#x17C6;&#x178E;&#x17B6;&#x1784;&#x1780;&#x17CF;&#x1794;&#x17B6;&#x1793;&#x1791;&#x17C5;&#x1787;&#x17BD;&#x1794;&#x1793;&#x17B9;&#x1784;&#x1798;&#x17D2;&#x178F;&#x17B6;&#x1799;&#x179F;&#x17BD;&#x1793;&#x1780;&#x17CF;&#x179F;&#x17BB;&#x1798;&#x179F;&#x17BD;&#x1793;&#x17A2;&#x17C4;&#x1799;&#x1798;&#x1780;&#x1793;&#x17C5;&#x1787;&#x17B6;&#x1798;&#x17BD;&#x1799;&#x179F;&#x17C6;&#x178E;&#x17B6;&#x1784; &#x17A0;&#x17BE;&#x1799;&#x179F;&#x1793;&#x17D2;&#x1799;&#x17B6;&#x1790;&#x17B6;&#x1793;&#x17B9;&#x1784;&#x1787;&#x17BD;&#x1799;&#x1791;&#x17C6;&#x1793;&#x17BB;&#x1780;&#x1794;&#x17C6;&#x179A;&#x17BB;&#x1784;&#x179F;&#x17BD;&#x1793;&#x17A2;&#x17C4;&#x1799;&#x1794;&#x17B6;&#x1793;&#x1785;&#x17BC;&#x179B;&#x179A;&#x17C0;&#x1793;&#x200B;&#x17D4; &#x17A0;&#x17BE;&#x1799;&#x17AA;&#x1796;&#x17BB;&#x1780;&#x1798;&#x17D2;&#x178F;&#x17B6;&#x1799;&#x179F;&#x17C6;&#x178E;&#x17B6;&#x1784;&#x1780;&#x17CF;&#x1794;&#x17B6;&#x1793;&#x17A2;&#x17C4;&#x1799;&#x179B;&#x17BB;&#x1799;&#x1781;&#x17D2;&#x179B;&#x17C7;&#x1791;&#x17C5;&#x1798;&#x17D2;&#x178F;&#x17B6;&#x1799;&#x179F;&#x17BD;&#x1793;&#x178A;&#x17BE;&#x1798;&#x17D2;&#x1794;&#x17B8;&#x178F;&#x17D2;&#x179A;&#x179B;&#x1794;&#x17CB;&#x1791;&#x17C5;&#x179F;&#x17D2;&#x179A;&#x17BB;&#x1780;&#x1780;&#x17C6;&#x178E;&#x17BE;&#x178F;&#x200B;&#x179C;&#x17B7;&#x1789; &#x17D4;&#x200B; </subfield>
  </datafield>
  <datafield tag="520" ind1=" " ind2=" ">
    <subfield code="a">There was a woman who made a living by begging and had three children. Suon, her eldest son, stopped going to school at grade 5. Samnang, a wealthy boy, was Suon&#x2019;s friend. He asked his parents to let Suon come live with them so he could continue his studies.
Samnang&#x2019;s parents went to meet Suon&#x2019;s mother and asked her permission to let Suon stay with Samnang, promising that they would support him and help him continue his education. They also gave some money to Suon&#x2019;s mother so she could return to her hometown.</subfield>
  </datafield>
  <datafield tag="521" ind1="8" ind2=" ">
    <subfield code="a">650 
</subfield>
    <subfield code="b">Lexile estimate 
</subfield>
  </datafield>
  <datafield tag="521" ind1="8" ind2=" ">
    <subfield code="a">P 
</subfield>
    <subfield code="b">Raz-Plus 
</subfield>
  </datafield>
  <datafield tag="700" ind1=" " ind2=" ">
    <subfield code="a">Visal , Seng</subfield>
    <subfield code="e">Illustrator </subfield>
  </datafield>
  <datafield tag="942" ind1=" " ind2=" ">
    <subfield code="2">ddc</subfield>
    <subfield code="c">KHB</subfield>
    <subfield code="n">0</subfield>
  </datafield>
  <datafield tag="999" ind1=" " ind2=" ">
    <subfield code="c">9403</subfield>
    <subfield code="d">9403</subfield>
  </datafield>
  <datafield tag="952" ind1=" " ind2=" ">
    <subfield code="0">0</subfield>
    <subfield code="1">0</subfield>
    <subfield code="2">ddc</subfield>
    <subfield code="4">0</subfield>
    <subfield code="7">0</subfield>
    <subfield code="8">KH</subfield>
    <subfield code="a">002</subfield>
    <subfield code="b">002</subfield>
    <subfield code="c">TTP Khmer</subfield>
    <subfield code="d">2026-01-05</subfield>
    <subfield code="l">0</subfield>
    <subfield code="o">SAK 398.2</subfield>
    <subfield code="p">FIS04132</subfield>
    <subfield code="r">2026-01-05 12:28:00</subfield>
    <subfield code="t">1</subfield>
    <subfield code="w">2026-01-05</subfield>
    <subfield code="y">KHB</subfield>
  </datafield>
  <datafield tag="952" ind1=" " ind2=" ">
    <subfield code="0">0</subfield>
    <subfield code="1">0</subfield>
    <subfield code="2">ddc</subfield>
    <subfield code="4">0</subfield>
    <subfield code="7">0</subfield>
    <subfield code="8">KH</subfield>
    <subfield code="a">002</subfield>
    <subfield code="b">002</subfield>
    <subfield code="c">TTP Khmer</subfield>
    <subfield code="d">2026-01-06</subfield>
    <subfield code="l">0</subfield>
    <subfield code="o">SAK 398.2</subfield>
    <subfield code="p">FIS01558</subfield>
    <subfield code="r">2026-01-06 11:33:04</subfield>
    <subfield code="t">2</subfield>
    <subfield code="w">2026-01-06</subfield>
    <subfield code="y">KHB</subfield>
  </datafield>
</record>
